000 01111nam a22002297a 4500
005 20250318113115.0
010 _aHIN-129521-524
020 _a9788196127183 (भाग-1)
_c395.00
020 _a9788196127190 (भाग-2)
_c395.00
020 _a9788196202200 (भाग-3)
_c395.00
020 _a9788196202231 (भाग-4)
_c395.00
035 _aHN-101867-870
037 _bअनन्य प्रकशन
082 _a
100 _aराघव,रांगेय
_979718
245 _aसम्पूर्ण कहानियाँ -भाग 1-4:
_cरांगेय राघव
_bअवसाद का छल ;रोने के मोल ; मरघट के देवता; लक्ष्मी का वाहन /
260 _aदिल्ली
_bअनन्य प्रकाशन
_c2023
270 _aई-17, पंचशील गार्डन,नवीन शाहदरा ,
_bदिल्ली
_e110032
300 _a4भाग(150;144;151;160पृ.
_c23सेमी(सजिल्द)
490 _v4भाग
942 _2ddc
_cHN
_h
_mराघव
999 _c210347
_d210347